Elektronizácia komunikácie Sociálnej poisťovne s klientmi

Uložené v:
Podrobná bibliografia
Hlavný autor: Holubov, Andrii (Autor)
Ďalší autori: Karas, Ladislav (Vedúci práce)
Médium: Rukopis Kniha
Jazyk:Slovak
Vydavateľské údaje: 2022
Predmet:
On-line prístup:http://is.stuba.sk/zp/portal_zp.pl?podrobnosti=154973
Tagy: Pridať tag
Žiadne tagy, Buďte prvý, kto otaguje tento záznam!

MARC

LEADER 00000ntm a22000003a 4500
001 stuzp88011
003 SK-STU
005 20220625210737.1
007 ta
008 150427s2015----xo-----f-mn---000-0-slo-d
040 |a STU  |b slo 
041 0 |a slo 
100 1 |a Holubov, Andrii  |u 070400  |4 aut  |U FIIT Fakulta informatiky a informačných technológií  |T FIIT Ústav počítačového inžinierstva a aplikovanej informatiky  |X 98986  |U I400  |Y 672  |7 98986 
242 0 1 |a Electronic communication of the state Social Insurance Agency with its clients  |y eng 
245 1 0 |a Elektronizácia komunikácie Sociálnej poisťovne s klientmi 
260 |c 2022 
650 4 |a Sociálna poisťovňa  |2 slo 
650 4 |a Dátová integrácia  |2 slo 
650 4 |a Talend ESB  |2 slo 
650 4 |a e-Government  |2 slo 
650 4 |a Data integration  |2 eng 
650 4 |a Talend ESB  |2 eng 
650 4 |a e-Government  |2 eng 
650 4 |a state Social Insurance Agency  |2 eng 
700 1 |a Karas, Ladislav  |4 ths  |X 114283  |7 114283 
856 4 |u http://is.stuba.sk/zp/portal_zp.pl?podrobnosti=154973